Motivación y productividad
Guardat en:
| Autor principal: | |
|---|---|
| Format: | Llibre |
| Idioma: | espanyol |
| Publicat: |
Ciudad de México
Diana
1978
|
| Matèries: | |
| Etiquetes: |
Afegir etiqueta
Sense etiquetes, Sigues el primer a etiquetar aquest registre!
|
MARC
| LEADER | 00000nam a2200000 a 4500 | ||
|---|---|---|---|
| 001 | UCQ7360 | ||
| 003 | CL-VaPUC | ||
| 008 | 981107e19780000MX |||||||||||||||||spa|d | ||
| 082 | 0 | 4 | |a 658.314 |b GEL |2 21 |
| 100 | |a Gellerman, Saul W |e author |9 421228 | ||
| 245 | 1 | 0 | |a Motivación y productividad |
| 300 | |a 325 p | ||
| 942 | |c BK | ||
| 945 | |d 19981107 00:00:00 |a crobeson | ||
| 260 | |a Ciudad de México |b Diana |c 1978 | ||
| 650 | 0 | |a Administración del personal |9 260442 | |
| 650 | 0 | |a Motivación |9 315362 | |
| 650 | 0 | |a Productividad |9 335972 | |
| 650 | 0 | |a Recursos humanos |9 228420 | |
| 650 | 0 | |a Administración de empresas |9 260833 | |
| 583 | |a last modification |c 20170113 08:20:19 |k Rodrigo Vera | ||
| 999 | |c 277036 |d 277034 | ||
| 952 | |0 0 |1 0 |2 ddc |4 0 |6 658_314000000000000_GEL_1978 |7 0 |8 A |9 314752 |a BIBENE |b BIBENE |d 2019-11-20 |i 148799K |o 658.314 GEL 1978 |p 148799K |r 2025-01-15 |w 2019-11-20 |y BK |k ICO | ||